[Event "Madrid ch - Semifinal A "]
[Site "Madrid ESP"]
[Date "2015.03.23"]
[Round "7.14"]
[White "Rottenwohrer Suarez, Juan"]
[Black "Pana, Dorin"]
[Result "0-1"]
[WhiteElo "1640"]
[BlackElo "1945"]
[PlyCount "104"]
[EventDate "2015.03.09"]
[EventType "swiss"]
[EventRounds "9"]
[EventCountry "ESP"]
[Source "lmi"]
[SourceDate "2015.03.09"]

1. d4 d5 2. c4 e6 3. Nc3 Nf6 4. cxd5 exd5 5. Bg5 c6 6. e3 Bf5 7. Qf3 Bg6 8.
Bxf6 Qxf6 9. Qxf6 gxf6 10. Kd2 Nd7 11. Bd3 Bd6 12. Nge2 Rg8 13. e4 dxe4 14.
Nxe4 Bb4+ 15. Kc2 O-O-O 16. a3 Be7 17. b4 Kb8 18. f4 Nb6 19. Rhf1 f5 20. Ng5
Bf6 21. Nf3 Nd5 22. Kd2 Bh5 23. g3 Rge8 24. Rf2 Ne3 25. Ne5 Ng4 26. Rg2 Nxe5
27. dxe5 Bf3 28. Rf2 Be4 29. Nc1 Bg7 30. Kc2 f6 31. Bxe4 fxe4 32. exf6 Bxf6 33.
Ra2 Bd4 34. Re2 c5 35. b5 Kc7 36. Kb3 b6 37. Kc4 Bg7 38. Nb3 Rd3 39. Rac2 Rf3
40. a4 Bf6 41. a5 h5 42. axb6+ axb6 43. Nxc5 bxc5 44. Kd5 Rd3+ 45. Kxc5 Rc3+
46. Rxc3 Bxc3 47. b6+ Kb7 48. Ra2 e3 49. Ra7+ Kb8 50. Kc6 Re6+ 51. Kb5 e2 52.
Ka6 e1=Q 0-1

[Event "Madrid ch - Semifinal A "]
[Site "Madrid ESP"]
[Date "2015.03.23"]
[Round "7.15"]
[White "Gil Sierra, Jacinto"]
[Black "Lopez Heras, Arturo"]
[Result "1-0"]
[WhiteElo "1972"]
[BlackElo "1873"]
[PlyCount "81"]
[EventDate "2015.03.09"]
[EventType "swiss"]
[EventRounds "9"]
[EventCountry "ESP"]
[Source "lmi"]
[SourceDate "2015.03.09"]

1. e4 e5 2. Nf3 Nc6 3. Bb5 Nge7 4. d4 exd4 5. Nxd4 g6 6. b3 Bg7 7. Bb2 O-O 8.
Nxc6 Nxc6 9. Bxg7 Kxg7 10. Bxc6 dxc6 11. Qxd8 Rxd8 12. Nc3 Be6 13. Ke2 Rd6 14.
Rad1 Rad8 15. e5 Rd4 16. Rxd4 Rxd4 17. Rd1 Rh4 18. h3 b5 19. Ke3 Bf5 20. Rd4
Rh5 21. Ne4 Be6 22. f4 Bxh3 23. gxh3 Rxh3+ 24. Kd2 Rh2+ 25. Kc3 Rh3+ 26. Rd3
Rh4 27. Rf3 h6 28. Kd3 Rh1 29. Ng3 Ra1 30. f5 Rd1+ 31. Ke2 Rd5 32. Re3 Rc5 33.
c3 h5 34. fxg6 Kxg6 35. Kf3 h4 36. Ne2 Kh5 37. Nf4+ Kg5 38. Ke4 Rd5 39. Nxd5
cxd5+ 40. Kf3 Kf5 41. b4 1-0

[Event "Madrid ch - Semifinal A "]
[Site "Madrid ESP"]
[Date "2015.03.23"]
[Round "7.16"]
[White "Camarero Izquierdo, Juan Carlos"]
[Black "Corral Aragon, Juan Maria"]
[Result "1-0"]
[WhiteElo "1888"]
[BlackElo "1830"]
[PlyCount "87"]
[EventDate "2015.03.09"]
[EventType "swiss"]
[EventRounds "9"]
[EventCountry "ESP"]
[Source "lmi"]
[SourceDate "2015.03.09"]

1. d4 d5 2. Nc3 Nf6 3. Bg5 c6 4. Bxf6 exf6 5. Qd3 Bb4 6. f3 O-O 7. e4 Re8 8.
Nge2 b6 9. O-O-O Ba6 10. Qe3 dxe4 11. fxe4 f5 12. e5 Qc7 13. Ng3 Bxf1 14. Rhxf1
g6 15. Qh6 Bf8 16. Qh3 Re6 17. Nce2 c5 18. Nf4 cxd4 19. Nxe6 fxe6 20. Ne2 Nc6
21. Nxd4 Nxd4 22. Rxd4 Qxe5 23. Rfd1 Be7 24. Qb3 Bg5+ 25. Kb1 a5 26. Qxb6 Rb8
27. Qd6 Bf6 28. Qxe5 Bxe5 29. Rd8+ Rxd8 30. Rxd8+ Kg7 31. h3 g5 32. Ra8 h5 33.
Rxa5 Kf6 34. b4 g4 35. hxg4 hxg4 36. b5 f4 37. Ra3 f3 38. gxf3 g3 39. Ra4 Kf5
40. Rg4 Bf4 41. b6 e5 42. b7 e4 43. Rxf4+ Kxf4 44. fxe4 1-0

[Event "Madrid ch - Semifinal A "]
[Site "Madrid ESP"]
[Date "2015.03.23"]
[Round "7.17"]
[White "Perez Cameselle, Francisco"]
[Black "Pinel Mirasierra, Jose Pablo"]
[Result "1-0"]
[WhiteElo "1862"]
[BlackElo "2021"]
[PlyCount "71"]
[EventDate "2015.03.09"]
[EventType "swiss"]
[EventRounds "9"]
[EventCountry "ESP"]
[Source "lmi"]
[SourceDate "2015.03.09"]

1. Nf3 Nf6 2. g3 g6 3. Bg2 Bg7 4. O-O d5 5. d3 c5 6. Nbd2 O-O 7. e4 Nc6 8. c3
Qc7 9. Qe2 b6 10. Re1 Ba6 11. exd5 Nxd5 12. Nc4 Rad8 13. Bd2 Rfe8 14. Rad1 e5
15. Bg5 f6 16. Bc1 Kh8 17. h4 h5 18. Nh2 b5 19. Nd2 f5 20. Ndf3 b4 21. c4 Nf6
22. Be3 Nd4 23. Bxd4 exd4 24. Ne5 Ng4 25. Nhxg4 hxg4 26. Nxg6+ Kh7 27. Qxe8
Rxe8 28. Rxe8 Qf7 29. Rde1 Bxc4 30. Nf4 Bxa2 31. R8e7 Qg8 32. Rxa7 Kh6 33. Ree7
Bf6 34. Rec7 Bb3 35. Rc6 Qf8 36. Raa6 1-0

[Event "Madrid ch - Semifinal A "]
[Site "Madrid ESP"]
[Date "2015.03.23"]
[Round "7.18"]
[White "Morera Rodriguez, Ignacio"]
[Black "Perez Agusti, Luis"]
[Result "0-1"]
[WhiteElo "1887"]
[BlackElo "1928"]
[PlyCount "110"]
[EventDate "2015.03.09"]
[EventType "swiss"]
[EventRounds "9"]
[EventCountry "ESP"]
[Source "lmi"]
[SourceDate "2015.03.09"]

1. d4 Nf6 2. c4 c5 3. d5 b5 4. Qc2 g6 5. e4 d6 6. cxb5 Bg7 7. Nf3 a6 8. bxa6
O-O 9. Nc3 Qa5 10. Bd2 Bxa6 11. Na4 Qc7 12. Bxa6 Rxa6 13. O-O Nbd7 14. h3 Rb8
15. Rab1 Qa7 16. Nc3 Ne8 17. a3 Nc7 18. Rfe1 Qb6 19. Bf4 Qb3 20. Qxb3 Rxb3 21.
Nd2 Rb7 22. Nc4 Nb6 23. Ne3 Na4 24. Nc2 Bxc3 25. bxc3 Rab6 26. Rxb6 Rxb6 27. c4
Rb2 28. Ne3 Nc3 29. Nd1 Rb1 30. Nxc3 Rxe1+ 31. Kh2 Ra1 32. e5 dxe5 33. Bxe5
Rxa3 34. Ne4 Na6 35. d6 exd6 36. Bxd6 f5 37. Nxc5 Nxc5 38. Bxc5 Rc3 39. g3 Rxc4
40. Be3 Kg7 41. h4 Kf6 42. Kg2 Ke5 43. Bh6 Ke4 44. Bf4 Kd3 45. Bg5 Ke2 46. Bh6
Rb4 47. Bg5 Rb1 48. Be3 Rb3 49. Bf4 Rf3 50. Kh3 Kxf2 51. Bd6 Rd3 52. Bf4 Rb3
53. Bd6 Kg1 54. Bf4 Rb2 55. g4 Rb3+ 0-1

[Event "Madrid ch - Semifinal A "]
[Site "Madrid ESP"]
[Date "2015.03.23"]
[Round "7.19"]
[White "Ronco Garcia, Jose Luis"]
[Black "Sanchez Hernandez, Guillermo"]
[Result "1-0"]
[WhiteElo "1962"]
[BlackElo "2100"]
[PlyCount "61"]
[EventDate "2015.03.09"]
[EventType "swiss"]
[EventRounds "9"]
[EventCountry "ESP"]
[Source "lmi"]
[SourceDate "2015.03.09"]

1. Nf3 Nf6 2. d3 d6 3. g3 g6 4. Bg2 Bg7 5. O-O O-O 6. e4 Bg4 7. c3 Qd7 8. Qb3
c6 9. Bg5 Na6 10. Nbd2 e5 11. Rfe1 Be6 12. Qc2 h6 13. Be3 Ng4 14. d4 f5 15.
dxe5 dxe5 16. exf5 gxf5 17. Nb3 Nxe3 18. Rxe3 e4 19. Nfd4 Bd5 20. Bh3 c5 21.
Ne2 Qe7 22. Nf4 Bc6 23. Ng6 Qg5 24. Nxf8 Rxf8 25. Bg2 h5 26. Rd1 Be5 27. Qe2
Bc7 28. Qc4+ Kg7 29. Nxc5 Nxc5 30. Qxc5 Rf7 31. Rxe4 1-0

[Event "Madrid ch - Semifinal A "]
[Site "Madrid ESP"]
[Date "2015.03.24"]
[Round "8.1"]
[White "Plazuelo Pascual, Juan"]
[Black "Pastor Alonso De Prado, Alberto"]
[Result "1/2-1/2"]
[WhiteElo "2162"]
[BlackElo "2131"]
[PlyCount "53"]
[EventDate "2015.03.09"]
[EventType "swiss"]
[EventRounds "9"]
[EventCountry "ESP"]
[Source "lmi"]
[SourceDate "2015.03.09"]

1. d4 d5 2. c4 e6 3. Nc3 Be7 4. cxd5 exd5 5. Bf4 c6 6. e3 Bf5 7. g4 Bg6 8. h4
h5 9. g5 Qb6 10. Qd2 Qd8 11. Nf3 Bd6 12. Ne5 Ne7 13. Be2 a5 14. Qd1 a4 15. Nxa4
Bb4+ 16. Nc3 Nd7 17. Qb3 Qa5 18. a3 Bxc3+ 19. bxc3 b5 20. Kd2 Nxe5 21. Bxe5 Nf5
22. Bd3 O-O 23. Qc2 Ne7 24. Bd6 Qd8 25. Bxe7 Qxe7 26. Bxg6 fxg6 27. f4 1/2-1/2

[Event "Madrid ch - Semifinal A "]
[Site "Madrid ESP"]
[Date "2015.03.24"]
[Round "8.2"]
[White "Tejedor Ariza, Francisco"]
[Black "Ortega Ruiz, Jose Miguel"]
[Result "0-1"]
[WhiteElo "2032"]
[BlackElo "2267"]
[PlyCount "44"]
[EventDate "2015.03.09"]
[EventType "swiss"]
[EventRounds "9"]
[EventCountry "ESP"]
[Source "lmi"]
[SourceDate "2015.03.09"]

1. e4 d5 2. exd5 Qxd5 3. Nc3 Qa5 4. Nge2 Nf6 5. g3 h5 6. Bg2 h4 7. d4 c6 8. Bd2
hxg3 9. Nxg3 Qb6 10. Qe2 Qxb2 11. Rb1 Qa3 12. Nge4 Nxe4 13. Qxe4 Qd6 14. Bf4
Qf6 15. Be5 Qh4 16. Qe3 Nd7 17. Bg3 Qh6 18. Bf4 Qg6 19. Ne4 e5 20. Bf1 exf4 21.
Nf6+ Kd8 22. Qe8+ Kc7 0-1

[Event "Madrid ch - Semifinal A "]
[Site "Madrid ESP"]
[Date "2015.03.24"]
[Round "8.3"]
[White "Garcia-Ruiz Fuentes, Aitor"]
[Black "Lopez De Turiso, Jose Angel"]
[Result "1/2-1/2"]
[WhiteElo "2007"]
[BlackElo "2046"]
[PlyCount "93"]
[EventDate "2015.03.09"]
[EventType "swiss"]
[EventRounds "9"]
[EventCountry "ESP"]
[Source "lmi"]
[SourceDate "2015.03.09"]

1. d4 Nf6 2. c4 e6 3. Nc3 Bb4 4. f3 d5 5. a3 Bxc3+ 6. bxc3 O-O 7. cxd5 exd5 8.
e3 c5 9. Bd3 Nc6 10. Ne2 cxd4 11. cxd4 Ne7 12. g4 Ne8 13. h4 f5 14. Qc2 Bd7 15.
Nf4 Rc8 16. Qg2 Nd6 17. Rg1 fxg4 18. fxg4 Ne4 19. Nxd5 Nxd5 20. Bxe4 Qxh4+ 21.
Qg3 Qxg3+ 22. Rxg3 Bc6 23. Bd2 Nf6 24. Bb1 Ne4 25. Bxe4 Bxe4 26. Rg1 Rc2 27.
Ke2 Rf6 28. Rgc1 Rxc1 29. Rxc1 Bf3+ 30. Kd3 Bxg4 31. e4 Kf8 32. e5 Bf5+ 33. Ke3
Rc6 34. Rf1 g6 35. d5 Rc4 36. e6 Re4+ 37. Kf3 Rd4 38. Bb4+ Ke8 39. Rc1 Rxd5 40.
Rc8+ Rd8 41. Rc7 Rd3+ 42. Kf4 h6 43. Rh7 Rd4+ 44. Kf3 Bxe6 45. Re7+ Kd8 46.
Rxe6 b6 47. Rxg6 1/2-1/2

[Event "Madrid ch - Semifinal A "]
[Site "Madrid ESP"]
[Date "2015.03.24"]
[Round "8.4"]
[White "Rodriguez De Castro, Ayar"]
[Black "Ballesteros Gonzalez, David"]
[Result "0-1"]
[WhiteElo "2090"]
[BlackElo "2192"]
[PlyCount "138"]
[EventDate "2015.03.09"]
[EventType "swiss"]
[EventRounds "9"]
[EventCountry "ESP"]
[Source "lmi"]
[SourceDate "2015.03.09"]

1. d4 Nf6 2. c4 c5 3. d5 e5 4. g3 d6 5. Bg2 Be7 6. Nf3 O-O 7. O-O a6 8. Nc3
Nbd7 9. Nh4 Nb6 10. Qd3 Ne8 11. Nf3 f5 12. e4 f4 13. a3 g5 14. Ne1 Nd7 15. b4
Nef6 16. Rb1 b6 17. Qe2 Qe8 18. g4 h5 19. f3 Kg7 20. h3 Rh8 21. Bd2 Bd8 22. Nd3
hxg4 23. fxg4 Nf8 24. Ne1 cxb4 25. axb4 Ng6 26. Nf3 Nh4 27. Nxh4 Rxh4 28. Be1
Rh7 29. Bf2 Nd7 30. Rfc1 Qh8 31. Qf3 Qf8 32. Bf1 Kg6 33. Na4 Rb8 34. Kg2 Nf6
35. Bd3 Bd7 36. Nc3 Bc7 37. Ra1 Ra8 38. c5 bxc5 39. bxc5 dxc5 40. Na4 Bxa4 41.
Rxa4 Bd6 42. Rca1 a5 43. Rxa5 Rxa5 44. Rxa5 Qb8 45. Ra6 Rb7 46. Rc6 Rb6 47. Ba6
Rb3 48. Qd1 f3+ 49. Kh2 Ra3 50. Bc8 Qb2 51. Qe1 Ra2 52. Kg3 Kf7 53. Rxd6 Nxe4+
54. Kxf3 Nxd6 55. Be6+ Kf6 56. h4 e4+ 57. Kg2 gxh4 58. g5+ Kg6 59. Qe3 Qxf2+
60. Qxf2 Rxf2+ 61. Kxf2 Kxg5 62. Ke3 Kf6 63. Kf4 c4 64. Bd7 c3 65. Ba4 h3 66.
Kg3 Ke5 67. Kxh3 Kxd5 68. Kg3 Kd4 69. Kf2 Kd3 0-1

[Event "Madrid ch - Semifinal A "]
[Site "Madrid ESP"]
[Date "2015.03.24"]
[Round "8.5"]
[White "Alvarez Abejon, Amilcar"]
[Black "Gonzalez Rivera, Eduardo"]
[Result "1/2-1/2"]
[WhiteElo "2106"]
[BlackElo "2088"]
[PlyCount "35"]
[EventDate "2015.03.09"]
[EventType "swiss"]
[EventRounds "9"]
[EventCountry "ESP"]
[Source "lmi"]
[SourceDate "2015.03.09"]

1. e4 e5 2. Nf3 Nc6 3. Bb5 a6 4. Ba4 Nf6 5. d3 b5 6. Bb3 Bc5 7. O-O d6 8. a4
Rb8 9. axb5 axb5 10. Nc3 Bg4 11. Be3 Nd4 12. Bxd4 Bxd4 13. h3 Bxf3 14. Qxf3 O-O
15. Ra2 Bxc3 16. bxc3 c5 17. Rfa1 Qc7 18. Bd5 1/2-1/2

[Event "Madrid ch - Semifinal A "]
[Site "Madrid ESP"]
[Date "2015.03.24"]
[Round "8.6"]
[White "Camacho Casado, Demetrio"]
[Black "Suarez Uriel, Adrian"]
[Result "0-1"]
[WhiteElo "1916"]
[BlackElo "2243"]
[PlyCount "98"]
[EventDate "2015.03.09"]
[EventType "swiss"]
[EventRounds "9"]
[EventCountry "ESP"]
[Source "lmi"]
[SourceDate "2015.03.09"]

1. d4 Nf6 2. c4 g6 3. Nc3 Bg7 4. Bf4 O-O 5. h3 d5 6. e3 c5 7. Nf3 Nc6 8. Be2
cxd4 9. exd4 dxc4 10. Bxc4 a6 11. a4 Qb6 12. Qb3 Qa7 13. Be5 Na5 14. Qb4 Nxc4
15. Qxc4 Be6 16. Qb4 Nd5 17. Nxd5 Bxd5 18. Rc1 a5 19. Qc5 Qxc5 20. Rxc5 Rfc8
21. Bxg7 Kxg7 22. Kd2 Rxc5 23. dxc5 Rc8 24. Rc1 f5 25. Ke3 Kf6 26. Rc3 e5 27.
g3 Bc6 28. Nd2 Bxa4 29. Ra3 Bb5 30. Rxa5 Rxc5 31. Nc4 Rd5 32. Na3 Bc6 33. Ra8
f4+ 34. gxf4 exf4+ 35. Ke2 f3+ 36. Ke3 Re5+ 37. Kf4 Re2 38. Kg3 h5 39. h4 Re4
40. Rf8+ Ke5 41. Rf7 Rg4+ 42. Kh3 Rg2 43. Nc4+ Ke6 44. Rf4 Rxf2 45. b3 Re2 46.
Na5 Bd5 47. Nc4 b5 48. Na3 Ke5 49. Rf8 Rg2 0-1

[Event "Madrid ch - Semifinal A "]
[Site "Madrid ESP"]
[Date "2015.03.24"]
[Round "8.7"]
[White "Cervino Rossel, Cristobal"]
[Black "Blanco Sanchez, Jose Fernando"]
[Result "1/2-1/2"]
[WhiteElo "2102"]
[BlackElo "2062"]
[PlyCount "151"]
[EventDate "2015.03.09"]
[EventType "swiss"]
[EventRounds "9"]
[EventCountry "ESP"]
[Source "lmi"]
[SourceDate "2015.03.09"]

1. e4 e5 2. Nf3 Nc6 3. Bc4 Nf6 4. d3 Be7 5. O-O d6 6. a4 O-O 7. a5 a6 8. Re1 h6
9. Nbd2 Nh7 10. c3 Ng5 11. Qb3 Bf6 12. Kh1 Ne7 13. Nxg5 Bxg5 14. d4 Ng6 15.
dxe5 dxe5 16. Nf3 Bxc1 17. Raxc1 Qf6 18. Ng1 Nf4 19. f3 h5 20. Bf1 h4 21. Qc2
g5 22. Qf2 Kg7 23. Qc5 Ne6 24. Qe3 Bd7 25. Rcd1 Bc6 26. Nh3 Nf4 27. Nf2 Qe7 28.
Ng4 Rad8 29. Qf2 Rxd1 30. Rxd1 Bd7 31. Nxe5 Ba4 32. Rd4 Qxe5 33. Rxa4 Rd8 34.
Rd4 Ne6 35. Rxd8 Nxd8 36. Qd2 Ne6 37. b4 c5 38. Kg1 cxb4 39. cxb4 Qd4+ 40.
Qxd4+ Nxd4 41. Bc4 Nc6 42. Bd5 Nxb4 43. Bxb7 f5 44. exf5 Kf6 45. Bc8 Nc6 46.
Bxa6 Nxa5 47. Bd3 Nc6 48. g4 Ke5 49. Kf2 Ne7 50. Be4 Ng8 51. Ke3 Nf6 52. Bc6
Nh7 53. Ba4 Nf6 54. Bb3 Nh7 55. Ba2 Nf6 56. Bf7 Nh7 57. Bg8 Nf6 58. Be6 Nh7 59.
h3 Nf6 60. Ba2 Nh7 61. Bf7 Nf6 62. Bc4 Nh7 63. Bb3 Nf6 64. Bc4 Nh7 65. Bf7 Nf6
66. Be6 Nh7 67. Bc8 Nf6 68. Bb7 Nh7 69. Ba6 Nf6 70. Bb7 Nh7 71. f4+ gxf4+ 72.
Kf2 Ng5 73. Bg2 Nf7 74. Bf1 Ng5 75. Bg2 Nf7 76. Ke2 1/2-1/2

[Event "Madrid ch - Semifinal A "]
[Site "Madrid ESP"]
[Date "2015.03.24"]
[Round "8.8"]
[White "Garcia Gutierrez, Jose"]
[Black "De La Puerta Cresis, Javier"]
[Result "0-1"]
[WhiteElo "1947"]
[BlackElo "2097"]
[PlyCount "86"]
[EventDate "2015.03.09"]
[EventType "swiss"]
[EventRounds "9"]
[EventCountry "ESP"]
[Source "lmi"]
[SourceDate "2015.03.09"]

1. c4 c5 2. g3 Nf6 3. Bg2 e6 4. Nc3 Nc6 5. e3 d5 6. cxd5 exd5 7. d4 c4 8. Nf3
Bb4 9. O-O O-O 10. Nd2 Bf5 11. a3 Ba5 12. b4 Bc7 13. Bb2 Qd7 14. Re1 Rfe8 15.
b5 Ne7 16. e4 dxe4 17. Ndxe4 Nxe4 18. Bxe4 Bxe4 19. Rxe4 Nd5 20. a4 Nxc3 21.
Rxe8+ Rxe8 22. Bxc3 Qd5 23. Qd2 h5 24. Re1 Rxe1+ 25. Qxe1 h4 26. Qe8+ Kh7 27.
Qc8 Qf3 28. Qxc7 h3 29. Kf1 Qd3+ 30. Ke1 Qxc3+ 31. Ke2 Qd3+ 32. Ke1 Qe4+ 33.
Kf1 Qxd4 34. Ke1 c3 35. Qf4 Qxf4 36. gxf4 Kg6 37. Ke2 Kf5 38. Kd3 Kxf4 39. Kxc3
Kf3 40. Kc4 Kg2 41. b6 axb6 42. Kb5 Kxh2 43. Kxb6 Kg1 0-1

[Event "Madrid ch - Semifinal A "]
[Site "Madrid ESP"]
[Date "2015.03.24"]
[Round "8.9"]
[White "Correas Gonzalez, Jose Ramon"]
[Black "Bajo Vicente, Alberto"]
[Result "1-0"]
[WhiteElo "2091"]
[BlackElo "2046"]
[PlyCount "105"]
[EventDate "2015.03.09"]
[EventType "swiss"]
[EventRounds "9"]
[EventCountry "ESP"]
[Source "lmi"]
[SourceDate "2015.03.09"]

1. e4 c6 2. d4 d5 3. e5 Bf5 4. h4 h5 5. c4 Bxb1 6. Rxb1 e6 7. a3 Nd7 8. Nf3
dxc4 9. Bxc4 Nb6 10. Be2 Ne7 11. Bg5 Qc7 12. O-O Nf5 13. Bd3 Nh6 14. Qd2 Be7
15. Be4 Qd7 16. Rfd1 O-O-O 17. a4 Nd5 18. Bxd5 cxd5 19. a5 Nf5 20. b4 Kb8 21.
b5 Rc8 22. b6 a6 23. Rbc1 Rxc1 24. Rxc1 Rc8 25. Rxc8+ Kxc8 26. Bxe7 Qxe7 27.
Qc3+ Kb8 28. g3 f6 29. Kg2 Qd7 30. Qc5 Qe7 31. Qc1 Qd8 32. Qf4 Kc8 33. Qc1+ Kd7
34. exf6 gxf6 35. Qf4 Ke7 36. g4 hxg4 37. Qxg4 Qh8 38. Qf4 Nd6 39. Qc1 Nc4 40.
Qc3 Qh5 41. Kf1 Qxf3 42. Qxf3 Nd2+ 43. Ke2 Nxf3 44. Kxf3 Kf7 45. Kg4 Kg6 46.
h5+ Kh6 47. f4 Kg7 48. f5 e5 49. dxe5 fxe5 50. Kg5 d4 51. f6+ Kg8 52. Kg6 d3
53. h6 1-0

[Event "Madrid ch - Semifinal A "]
[Site "Madrid ESP"]
[Date "2015.03.24"]
[Round "8.10"]
[White "Beyerholm, Arne"]
[Black "Andalon Gomez, Carlos J"]
[Result "0-1"]
[WhiteElo "2058"]
[BlackElo "2022"]
[PlyCount "96"]
[EventDate "2015.03.09"]
[EventType "swiss"]
[EventRounds "9"]
[EventCountry "ESP"]
[Source "lmi"]
[SourceDate "2015.03.09"]

1. d4 d5 2. c4 e6 3. Nf3 f5 4. e3 Nf6 5. Bd3 c6 6. O-O Bd6 7. b3 Qe7 8. Bb2 O-O
9. Qc1 a5 10. Ba3 Nbd7 11. Bxd6 Qxd6 12. Qa3 Qxa3 13. Nxa3 b6 14. cxd5 Nxd5 15.
Rfc1 Nb4 16. Bc4 Re8 17. Nc2 Nd5 18. Nce1 Bb7 19. Nd3 N7f6 20. Bxd5 Nxd5 21. a3
Rec8 22. Ng5 h6 23. Nf3 Rc7 24. Rc2 a4 25. b4 Ba6 26. Nde5 Bb5 27. Rac1 Rac8
28. Nd2 g5 29. Nb1 Kg7 30. Nc3 Nxc3 31. Rxc3 Kf6 32. Nc4 Bxc4 33. Rxc4 Ke7 34.
Kf1 Kd6 35. Ke2 h5 36. f3 g4 37. Kd3 gxf3 38. gxf3 b5 39. R4c2 Rg8 40. e4 fxe4+
41. fxe4 Rf8 42. Ke3 Rg8 43. Rf1 Rcg7 44. Rfc1 Rc7 45. Rf2 Rcg7 46. Rc3 Rg1 47.
Rf7 Re1+ 48. Kf3 Rf1+ 0-1

[Event "Madrid ch - Semifinal A "]
[Site "Madrid ESP"]
[Date "2015.03.24"]
[Round "8.11"]
[White "Pana, Dorin"]
[Black "Tereso Martin, Antonio"]
[Result "0-1"]
[WhiteElo "1945"]
[BlackElo "2033"]
[PlyCount "68"]
[EventDate "2015.03.09"]
[EventType "swiss"]
[EventRounds "9"]
[EventCountry "ESP"]
[Source "lmi"]
[SourceDate "2015.03.09"]

1. e4 c6 2. d4 d5 3. Nc3 dxe4 4. Nxe4 Bf5 5. Ng3 Bg6 6. Nf3 Nd7 7. Bc4 e6 8.
O-O Qc7 9. Re1 O-O-O 10. c3 Ngf6 11. Bg5 h6 12. Bh4 Bh7 13. Nh5 Nxh5 14. Bxd8
Qxd8 15. Ne5 Nxe5 16. Rxe5 Nf6 17. b4 Bd6 18. Ra5 Bb8 19. Qa4 b5 20. Bxb5 cxb5
21. Rxb5 Qd6 22. Rc5+ Kd8 23. g3 Ke7 24. d5 Nxd5 25. Rd1 Rd8 26. Qb3 Qb6 27. a4
a6 28. a5 Qb7 29. Qc4 Ne3 30. fxe3 Rxd1+ 31. Kf2 Rd2+ 32. Ke1 Rxh2 33. Rc6
Bxg3+ 34. Kf1 Bd3+ 0-1

[Event "Madrid ch - Semifinal A "]
[Site "Madrid ESP"]
[Date "2015.03.24"]
[Round "8.13"]
[White "Martos De La Vega, Alvar"]
[Black "Camarero Izquierdo, Juan Carlos"]
[Result "0-1"]
[WhiteElo "1984"]
[BlackElo "1888"]
[PlyCount "77"]
[EventDate "2015.03.09"]
[EventType "swiss"]
[EventRounds "9"]
[EventCountry "ESP"]
[Source "lmi"]
[SourceDate "2015.03.09"]

1. d4 f5 2. Nc3 Nf6 3. Bg5 e6 4. e4 fxe4 5. Nxe4 Be7 6. Bxf6 Bxf6 7. Qh5+ g6 8.
Qh6 d5 9. Nxf6+ Qxf6 10. Nf3 Nc6 11. O-O-O Bd7 12. Bb5 O-O-O 13. Bxc6 Bxc6 14.
Rhe1 Kb8 15. Qe3 Bd7 16. Ne5 Rhf8 17. Nxd7+ Rxd7 18. Qxe6 Qf4+ 19. Kb1 Rdd8 20.
g3 Qxf2 21. Re2 Qf3 22. a3 a6 23. Rd3 Qh1+ 24. Ka2 Rf1 25. Qe7 Rd6 26. Qe8+ Ka7
27. Re6 Qxh2 28. Rxd6 Qxc2 29. Rc3 Qb1+ 30. Kb3 cxd6 31. Qe3 Re1 32. Qf2 Re4
33. Rc2 Qd1 34. Kc3 Qe1+ 35. Kd3 Qa5 36. Rd2 Qa4 37. Rc2 Qb3+ 38. Kd2 Rg4 39.
Rc3 0-1

[Event "Madrid ch - Semifinal A "]
[Site "Madrid ESP"]
[Date "2015.03.24"]
[Round "8.14"]
[White "Lorenzo Bailador, Alfredo"]
[Black "Perez Cameselle, Francisco"]
[Result "1/2-1/2"]
[WhiteElo "1998"]
[BlackElo "1862"]
[PlyCount "61"]
[EventDate "2015.03.09"]
[EventType "swiss"]
[EventRounds "9"]
[EventCountry "ESP"]
[Source "lmi"]
[SourceDate "2015.03.09"]

1. e4 c5 2. c3 Nf6 3. e5 Nd5 4. d4 cxd4 5. Nf3 Nc6 6. Bc4 Nb6 7. Bb3 d6 8. exd6
Qxd6 9. O-O e6 10. cxd4 Be7 11. Nc3 O-O 12. Qd3 Nb4 13. Qe2 N6d5 14. Ne4 Qd8
15. a3 Nc6 16. Rd1 Qb6 17. Bxd5 exd5 18. Nc3 Be6 19. b4 a6 20. Be3 Rac8 21.
Rac1 Rfd8 22. h3 h6 23. Qb2 Na5 24. Na4 Qb5 25. Nc3 Nc4 26. Qb3 Qe8 27. Na4 Bd7
28. Nc3 Be6 29. Na4 Bd7 30. Nc3 Be6 31. Na4 1/2-1/2

[Event "Madrid ch - Semifinal A "]
[Site "Madrid ESP"]
[Date "2015.03.24"]
[Round "8.17"]
[White "Jimenez Gonzalez, Marcos"]
[Black "Ronco Garcia, Jose Luis"]
[Result "1/2-1/2"]
[WhiteElo "1851"]
[BlackElo "1962"]
[PlyCount "70"]
[EventDate "2015.03.09"]
[EventType "swiss"]
[EventRounds "9"]
[EventCountry "ESP"]
[Source "lmi"]
[SourceDate "2015.03.09"]

1. d4 g6 2. c4 Bg7 3. g3 d6 4. Bg2 Nf6 5. Nc3 O-O 6. Nf3 c6 7. O-O Qc7 8. e4 e5
9. h3 Nbd7 10. Be3 Re8 11. d5 Nb6 12. Nd2 Bd7 13. Rc1 Rac8 14. dxc6 bxc6 15. c5
dxc5 16. Na4 Nxa4 17. Qxa4 Be6 18. Rxc5 Nd7 19. Rcc1 Nb6 20. Qa5 Red8 21. b3
Qe7 22. Qc5 Qd7 23. Kh2 Qd3 24. Rfd1 Qe2 25. Bf3 Qa6 26. a4 f6 27. Qc2 c5 28.
a5 Qxa5 29. Ra1 Qb4 30. Rxa7 c4 31. Nxc4 Nxc4 32. Rxd8+ Rxd8 33. bxc4 Qxc4 34.
Qxc4 Bxc4 35. Rc7 Bd3 1/2-1/2

[Event "Madrid ch - Semifinal A "]
[Site "Madrid ESP"]
[Date "2015.03.24"]
[Round "8.18"]
[White "Lopez Heras, Arturo"]
[Black "Corral Aragon, Juan Maria"]
[Result "1/2-1/2"]
[WhiteElo "1873"]
[BlackElo "1830"]
[PlyCount "167"]
[EventDate "2015.03.09"]
[EventType "swiss"]
[EventRounds "9"]
[EventCountry "ESP"]
[Source "lmi"]
[SourceDate "2015.03.09"]

1. d4 d5 2. c4 c6 3. e3 Nf6 4. Nc3 g6 5. Nf3 Bg7 6. Bd3 O-O 7. O-O Bg4 8. h3
Bxf3 9. Qxf3 Re8 10. b4 e5 11. dxe5 Rxe5 12. Bb2 Ne4 13. Bxe4 dxe4 14. Qe2 Qe7
15. Rad1 Nd7 16. Rd2 Nf8 17. Na4 Rh5 18. Bxg7 Kxg7 19. a3 Ne6 20. Rfd1 Qg5 21.
Qg4 Qxg4 22. hxg4 Rg5 23. f3 exf3 24. gxf3 h5 25. Rg2 hxg4 26. fxg4 Re5 27. Kf2
Re8 28. Nc3 Ng5 29. Rg3 Rh8 30. Kg2 a5 31. Rd7 axb4 32. axb4 Ra8 33. Rxb7 Ra3
34. Nd1 Rd3 35. Nf2 Rc3 36. b5 c5 37. Rc7 Rxc4 38. b6 Rc2 39. b7 Rb2 40. Kf1 c4
41. Rxc4 Rxb7 42. e4 Rb2 43. Rd3 Re6 44. Re3 Rf6 45. Re2 Rb1+ 46. Kg2 Nf3 47.
e5 Nxe5 48. Rxe5 Rb2 49. g5 Rbxf2+ 50. Kg3 R6f5 51. Rxf5 Rxf5 52. Kg4 Ra5 53.
Rb4 Ra7 54. Rf4 Ra1 55. Rb4 f5+ 56. gxf6+ Kxf6 57. Rb6+ Kg7 58. Rb7+ Kh6 59.
Rb6 Ra4+ 60. Kg3 Kh5 61. Rb5+ g5 62. Rc5 Ra3+ 63. Kg2 Kh4 64. Rc4+ g4 65. Rc2
Rg3+ 66. Kh2 Rd3 67. Kg2 Rd4 68. Ra2 Kg5 69. Kg3 Rd3+ 70. Kg2 Re3 71. Rf2 Ra3
72. Rb2 Rf3 73. Rb5+ Rf5 74. Rxf5+ Kxf5 75. Kg3 Kg5 76. Kg2 Kf4 77. Kf2 g3+ 78.
Kg2 Kg4 79. Kg1 Kf4 80. Kg2 Kg4 81. Kg1 Kf3 82. Kf1 Kf4 83. Kg2 Kg4 84. Kg1
1/2-1/2